000 00808nam a2200289Ia 4500
003 OSt
005 20221006143025.0
006 a|||||r|||| 00| 0
007 ta
008 221006b |||||||| |||| 00| 0 eng d
020 _a0710303424
_c
_76.50
024 _a7,827
037 _cTextual
040 _aEASL
_cEASL
_beng
041 _2eng
_aeng
082 _aY:1.42.N89, N0
100 _aEisenstadt S. N. Ed.
245 0 _aJapanese models of conflict resolution
260 _aLondon
_bKegan Paul International
_c1990
300 _a238p.
_ccm.
490 _v JEL
650 _a Japan social conflict
_9648966
650 _aJEL
700 _a Ben-Ari Eyal Ed.
_9283779
942 _hY:1.42.N89, N0
_cTEXL
_2CC
999 _c1075913
_d1075913